| 000 | 00462nam a22001577a 4500 | ||
|---|---|---|---|
| 999 |
_c9334 _d9334 |
||
| 008 | 210403b ||||| |||| 00| 0 eng d | ||
| 040 | _aBMS College of Architecture | ||
| 100 | _aV, E, Rajeev | ||
| 245 | _aSchool of Audio Engineering | ||
| 300 | _aNA | ||
| 500 | _a1BM98AT034 | ||
| 502 |
_8B.Arch _NBMS College of Architecture, Visvesvaraya Technological University _aProject report _d2004 |
||
| 650 | _aSchool | ||
| 700 |
_aRama R S _eGuide |
||
| 942 |
_2ddc _cTHE |
||